Predpoklad - prvé prevody dlhopisov FNM už v tomto polroku
Použitie dlhopisov FNM SR podľa zákona č.92/1991 Zb. o veľkej privatizácii. Organizácia obchodov s dlhopismi. Priama kúpa, predaj a darovanie dlhopisov. Výmena dlhopisov za akcie.
Guardado en:
| Autor principal: | |
|---|---|
| Formato: | Capítulo de libro |
| Lenguaje: | eslovaco |
| Materias: | |
| Etiquetas: |
Sin Etiquetas, Sea el primero en etiquetar este registro!
|
MARC
| LEADER | 00000naa a2200000 4500 | ||
|---|---|---|---|
| 001 | r018993 | ||
| 005 | 20251104124058.8 | ||
| 041 | 0 | |a slo | |
| 044 | |a SK | ||
| 245 | 1 | 0 | |a Predpoklad - prvé prevody dlhopisov FNM už v tomto polroku |c Darina Huttová |
| 520 | |a Použitie dlhopisov FNM SR podľa zákona č.92/1991 Zb. o veľkej privatizácii. Organizácia obchodov s dlhopismi. Priama kúpa, predaj a darovanie dlhopisov. Výmena dlhopisov za akcie. | ||
| 610 | 2 | 0 | |a dlhopisy |
| 610 | 2 | 0 | |a papiere cenné |
| 610 | 2 | 0 | |a FNM SR Bratislava |
| 610 | 2 | 0 | |a zákony |
| 610 | 2 | 0 | |a 1991 |
| 610 | 2 | 0 | |a privatizácia |
| 610 | 2 | 0 | |a obchody burzové |
| 610 | 2 | 0 | |a predaj priamy |
| 100 | 1 | |a Huttová, Darina | |